Curso de historia de España (Record no. 151407)

MARC details
000 -LEADER
campo de control de longitud fija 00863nam a2200193 i 4500
001 - NÚMERO DE CONTROL
campo de control 151407
003 - IDENTIFICADOR DE NÚMERO DE CONTROL
campo de control ES-MaACL
005 - FECHA Y HORA DE LA ÚLTIMA TRANSACCIÓN
campo de control 20250730063133.0
008 - DATOS DE LONGITUD FIJA--INFORMACIÓN GENERAL
campo de control de longitud fija 950418s1890 sp b |||| | spa d
100 1# - ENTRADA PRINCIPAL--NOMBRE DE PERSONA
Nombre de persona Monreal y Ascaso, Bernardo,
Fechas asociadas al nombre 1824-1894
9 (RLIN) 169392
245 10 - MENCIÓN DEL TÍTULO
Título Curso de historia de España
Resto del título : para uso de la Facultad de Filosofía y Letras, Institutos, Seminario, Escuelas normales y Escuelas especiales... /
Mención de responsabilidad, etc. por Bernardo Monreal y Ascaso.
250 ## - MENCION DE EDICION
Mención de edición 5ª ed.
Resto de la mención de edición notablemente corr. y aum. por su autor.
260 ## - PUBLICACIÓN, DISTRIBUCIÓN, ETC.
Lugar de publicación, distribución, etc. Madrid :
Nombre del editor, distribuidor, etc. [s.n.],
Fecha de publicación, distribución, etc. 1890 (
Fabricante Imp. y Fundición de M. Tello)
300 ## - DESCRIPCIÓN FÍSICA
Extensión 533 p., [1] h. de map. pleg. ;
Dimensiones 20 cm.
594 ## - Nota al título y mención de responsabilidad
Nota al título y mención de responsabilidad En port.: Obra aprobada para texto por el Real Consejo de Instrucción Pública.
651 #4 - PUNTO DE ACCESO ADICIONAL DE MATERIA--NOMBRE GEOGRÁFICO
Nombre geográfico España-
Subdivisión general Historia.
9 (RLIN) 8209
852 ## - LOCALIZACIÓN
Ubicación ES-MaACL
Número de control de estantería B-582
Nota libre - Enc. hol.
Holdings
Estatus retirado Estado de pérdida Estado de daño No para préstamo Colección Biblioteca de origen Biblioteca actual Ubicación en estantería Fecha de adquisición Fuente de adquisición Total de préstamos Signatura topográfica completa Código de barras Visto por última vez Precio de reemplazo Tipo de ítem Koha
        Libros del s. XIX Biblioteca del Ateneo de Madrid Biblioteca del Ateneo de Madrid Sala Pardo Bazán 17/01/2008     B-582 1157972 23/02/2023 23/02/2023 Libro impreso antiguo